000 00492nam a22001577a 4500
020 _a9788131713051
082 _a005.133 SED
100 _aSedgewick, Robert
245 _aAlgorithms in C++: fundamentals, data structures, sorting, searching (Parts 1-4)
250 _a3rd ed.
260 _aNew Delhi, India
_bPearson Education
_c1998
300 _axix, 716 p.
_bill. ;
500 _aIncludes bibliographical references and indexes.
650 _aC++ (Computer program language)
942 _cBK
999 _c12673
_d12673